[Event "IECC TH-M-3697"]
[Site "IECC email"]
[Date "2021.10.29"]
[Round "?"]
[White "Bernardara, Enos"]
[Black "Che, Tai"]
[Result "1/2-1/2"]
[WhiteElo "1260"]
[BlackElo "1398"]
[PlyCount "64"]
[EventDate "2021.??.??"]
[EventType "tourn (corr)"]
[SourceTitle "Corr 2024"]
[Source "ChessBase"]
[SourceDate "2023.10.19"]
[SourceVersion "1"]
[SourceVersionDate "2023.10.19"]
[SourceQuality "1"]
[WhiteTeam "Italien"]
[BlackTeam "Kanada"]
[WhiteTeamCountry "ITA"]
[BlackTeamCountry "CAN"]

1. d4 Nf6 2. c4 c5 3. d5 e6 4. Nc3 d6 5. e4 e5 6. f4 exf4 7. Bxf4 Be7 8. Nf3 0-0 9. Be2 Bg4 10. 0-0 a6 11. e5 dxe5 12. Nxe5 Bxe2 13. Qxe2 Bd6 14. Nd3 Bxf4 15. Nxf4 Nbd7 16. Nd3 Re8 17. Qf3 Qc7 18. a4 h6 19. Rae1 Nb6 20. b3 Nbd7 21. Ne4 Nxe4 22. Rxe4 Rxe4 23. Qxe4 Nf6 24. Qf3 Re8 25. Re1 Rxe1+ 26. Nxe1 Qe5 27. Nd3 Qd4+ 28. Kf1 Ng4 29. Ke2 Nxh2 30. Qe3 Qg4+ 31. Ke1 b6 32. Qe2 Qg3+ 1/2-1/2

[Event "IECC O-4778"]
[Site "IECC email"]
[Date "2018.12.08"]
[Round "?"]
[White "Che, Tai"]
[Black "Bolash, John"]
[Result "1-0"]
[WhiteElo "1341"]
[BlackElo "1494"]
[PlyCount "43"]
[EventDate "2018.??.??"]
[EventType "swiss (corr)"]
[EventRounds "2"]
[SourceTitle "Corr 2020"]
[Source "ChessBase"]
[SourceDate "2019.09.30"]
[SourceVersion "1"]
[SourceVersionDate "2019.09.30"]
[SourceQuality "1"]
[WhiteTeam "Canada"]
[BlackTeam "United States"]
[WhiteTeamCountry "CAN"]
[BlackTeamCountry "USA"]

1. d4 Nf6 2. Nf3 d5 3. Bg5 Ne4 4. Bf4 Nc6 5. e3 e6 6. c3 Bd6 7. Bxd6 Qxd6 8. Bd3 Nf6 9. Nbd2 Bd7 10. 0-0 0-0-0 11. b4 a6 12. a4 Nxb4 13. cxb4 Qxb4 14. Ne5 Be8 15. Qc2 h6 16. Rfb1 Qd6 17. Qb2 Qb6 18. Qc3 Qd6 19. Nb3 Nd7 20. Nxd7 Bxd7 21. Nc5 Bc6 22. Qb3 1-0

[Event "TH-S-0934"]
[Site "IECC email"]
[Date "2016.10.08"]
[Round "?"]
[White "Che, Tai"]
[Black "Domingues, Marcos"]
[Result "0-1"]
[WhiteElo "1350"]
[BlackElo "1547"]
[PlyCount "22"]
[EventDate "2016.??.??"]
[EventType "tourn (corr)"]
[SourceTitle "Corr 2020"]
[Source "ChessBase"]
[SourceDate "2019.09.30"]
[SourceVersion "1"]
[SourceVersionDate "2019.09.30"]
[SourceQuality "1"]
[WhiteTeam "Canada"]
[BlackTeam "Brazil"]
[WhiteTeamCountry "CAN"]
[BlackTeamCountry "BRA"]

1. e4 c5 2. Nc3 Nc6 3. f4 g6 4. Nf3 Bg7 5. Bc4 e6 6. 0-0 Nge7 7. d3 0-0 8. Be3 d5 9. exd5 exd5 10. Bxc5 dxc4 11. Nd5 Qxd5 0-1